D. O. M. A. Quod Bonum, Felix : Faustum, Fortunatúmque sit, huic Almae Archi - Episcopali S. J. Universitati Tyrnaviensi. Senatui Philosophico, Totíque Reipublicae Christianae. Sub Amplissimo, Admodum Reverendo, (et) Clarissimo Patre Joanne Bap. Kazy, é Societate Jesu, AA. LL. Philosophiae, nec non SS Theologiae Doctore, Almae, & Archi - Episcopalis S. J. Universitatis Tyrnaviensis Cancellario. Anno Christi M. DCC. XXX. V. Mense August. Die Horâ octavâ matutinâ, Perillustres, Reverendi, Praenobiles, Nobiles, Eximii & tam eruditione, quám virtute conspicui AA. LL. & Philosophiae Baccalaurei, In Aula Academica Societatis Jesu, Ad Supremam Philosophiae Lauream consequendam, per eundem licentiâ donati, Dein Promotore R. P. Georgio Arvai é Soc. Jesu AA. LL. & Phil. Doctore, ejusdémque Professore Emerito, Supremâ Magisterii, & Doctoratus Philosophici Laureâ ornati sunt.

Podrobná bibliografia
Korporatívny autor: Akademická tlačiareň (Printer)
Ďalší autori: Arvai, Juraj, 1697-1759 (Other), Dobner, Štefan, 1694-1746 (Other)
Médium: Kniha
Jazyk:Latin
Vydané: [Trnava] : [Akademická tlačiareň], Anno Christi M. DCC. XXX. V [=1735]
Témy:
Signatúra: S 885 prív. 3. PA
LEADER 02232nam a2200385 a 4500
001 000000342
005 20061121094543.0
008 050727s1735 xo e lat
FMT
040 |a SVKKK  |b slo  |c SVKKK  |e AACR2 
041 0 |a lat 
044 |a xo  |c SK 
080 |a 378.4(083.81) 
130 0 |a D. O. M. A. Quod Bonum, Felix ... 
245 0 0 |a D. O. M. A. Quod Bonum, Felix :  |b Faustum, Fortunatúmque sit, huic Almae Archi - Episcopali S. J. Universitati Tyrnaviensi. Senatui Philosophico, Totíque Reipublicae Christianae. Sub Amplissimo, Admodum Reverendo, (et) Clarissimo Patre Joanne Bap. Kazy, é Societate Jesu, AA. LL. Philosophiae, nec non SS Theologiae Doctore, Almae, & Archi - Episcopalis S. J. Universitatis Tyrnaviensis Cancellario. Anno Christi M. DCC. XXX. V. Mense August. Die Horâ octavâ matutinâ, Perillustres, Reverendi, Praenobiles, Nobiles, Eximii & tam eruditione, quám virtute conspicui AA. LL. & Philosophiae Baccalaurei, In Aula Academica Societatis Jesu, Ad Supremam Philosophiae Lauream consequendam, per eundem licentiâ donati, Dein Promotore R. P. Georgio Arvai é Soc. Jesu AA. LL. & Phil. Doctore, ejusdémque Professore Emerito, Supremâ Magisterii, & Doctoratus Philosophici Laureâ ornati sunt. 
260 |a [Trnava] :  |b [Akademická tlačiareň],  |c Anno Christi M. DCC. XXX. V [=1735] 
300 |a [6] s. )(/2,[1] [=6] list.  |c 2°. 13x8 cm 
500 |a Prom. tlač bez téz - iba zoznam študentov. 
500 |a Linka ozdobná, inic. s ornam. pozadím v rámčeku na 4 r., kustódy. 
510 4 |a Telgársky-Banská I/149. 
550 |a Impressum podľa textu titl. listu. 
501 |a Prív. 3. k: ARVAI, J.: Selectae E Profanis Scriptoribus Historiae. Tyrnaviae 1734. 12°. 
653 1 |a promočné tlače 
653 1 |a zoznam študentov 
700 1 |a Arvai, Juraj,  |d 1697-1759  |4 oth 
700 1 |a Dobner, Štefan,  |d 1694-1746  |4 oth 
710 0 |a Akademická tlačiareň  |c Trnava  |d 1648-1773  |4 prt 
752 |a Slovensko  |d Trnava 
852 |p S 885 prív. 3. PA 
904 |a ac y bb yyyb 0001 
905 |a bf a1db 
910 |a svkkk 
998 |a TRNTL 
BAS
LKR |a UP  |b 339  |l HIS01  |n Selectae E Profanis Scriptoribus Historiae  |m D. O. M. A. Quod Bonum, Felix